| 000 | 00733nam a2200229 a 4500 | ||
|---|---|---|---|
| 001 | BRCA_4678 | ||
| 005 | 20190320204749.0 | ||
| 008 | 011010s1929----sp-a######---#000-0#spa-# | ||
| 041 | _aspa | ||
| 044 | _asp | ||
| 050 | 4 |
_aM7103 _b.M39 1929 |
|
| 100 | 1 |
_aMayer, Augusto L. _911870 |
|
| 245 | 1 | 0 |
_aEl estilo gótico en España _cpor Augusto L. Mayer ; traducido del alemán por Felipe Villaverde. |
| 260 |
_aMadrid _bEspasa-Calpe _c1929 |
||
| 300 |
_a307 p. _bil., 155 láminas _c28 cm. |
||
| 500 | _aIncluye índice de autores, índice de lugares y materias e índice de figuras | ||
| 500 | _aD51 | ||
| 650 | 1 | 4 |
_aArte gótico _zEspaña _911871 |
| 700 | 1 |
_aVillaverde, Felipe _eTraductor _911872 |
|
| 902 | _aGFM | ||
| 942 |
_2lcc _cB |
||
| 999 |
_c4379 _d4379 |
||